000 00300nam a22001217a 4500
082 _a001
_bSIE/G
100 _aMINISTRY OF HRD, GOVT. OF INDIA
245 _aSIET KERALA- GENERAL SUBJECTS
_bRAJA RAVI VARMA
260 _aNEW DELHI
_bGOVT. OF INDIA
300 _bVCD
520 _aREFERENCE
942 _cBK
999 _c7952
_d7952